000 00721nam a2200289Ia 4500
005 20260324143156.0
008 008 260324s9999 xx 000 0 eng d
020 _a9781315471730
037 _aEBOOK
040 _aCRL
040 _beng
040 _cCRL
041 _2eng
041 _aeng
084 _qCRL
100 _aHenry Sanoff
_91212365
245 0 _aIntegrating Programming, Evaluation and Participation in Design (Routledge Revivals)
245 2 _bA Theory Z Approach
260 _bTaylor and Francis
260 _c1992
365 _a
365 _b115
856 _uhttp://www.taylorfrancis.com/books/9781315471730
942 _cEBOOK
999 _c1819752
_d1819752